| 000 | 01362cam a2200325 a 4500 | ||
|---|---|---|---|
| 001 | 14868161 | ||
| 003 | BD-DhUL | ||
| 005 | 20161121120113.0 | ||
| 008 | 070529s2007 nyu b 000 0 eng | ||
| 010 | _a 2007022183 | ||
| 020 | _a9781433100574 (alk. paper) | ||
| 020 | _a1433100576 (alk. paper) | ||
| 035 | _a(OCoLC)ocn144598070 | ||
| 035 | _a(OCoLC)144598070 | ||
| 040 |
_aDLC _cDLC _dBAKER _dC#P _dBTCTA _dYDXCP _dYDXCP _dBD-DhUL |
||
| 050 | 0 | 0 |
_aD804.3 _b.C545 2007 |
| 082 | 0 | 0 |
_a940.53/1814 _222 |
| 245 | 0 | 0 |
_aCivil courage : _ba response to contemporary conflict and prejudice / _cedited by Naomi Kramer. |
| 260 |
_aNew York : _bPeter Lang, _c1989. |
||
| 300 |
_axxvii, 414 p. ; _c24 cm. |
||
| 504 | _aIncludes bibliographical references. | ||
| 505 | 0 | _aMoral choices -- Issues in Holocaust education -- Contemporary Jewish identity -- Testimony. | |
| 650 | 0 |
_aHolocaust, Jewish (1939-1945) _xMoral and ethical aspects. |
|
| 650 | 0 |
_aHolocaust, Jewish (1939-1945) _xInfluence. |
|
| 700 | 1 | _aKramer, Naomi. | |
| 856 | 4 | 1 |
_3Table of contents only _uhttp://www.loc.gov/catdir/toc/ecip0720/2007022183.html |
| 906 |
_a7 _bcbc _corignew _d1 _eecip _f20 _gy-gencatlg |
||
| 942 |
_2ddc _cBK |
||
| 955 |
_asf10 2007-05-29 _csf10 2007-05-29 (telework); _aaa19 2007-06-14 _aps08 2007-09-27 1 copy rec'd., to CIP ver. _alg00 2007-10-04 _ald08 2008-02-08 copy 2 added |
||
| 999 |
_c126585 _d126585 |
||